000 00226nam a2200097Ia 4500
001 699698
005 20250826162115.0
008 250824s9999 xx 000 0 und d
245 0 _aBu Ülke
_cCemil Meriç
260 _bİLETİŞİM
999 _c699698
_d699698